000 00588nam a2200193 a 4500
001 2187
005 20140414131925.0
008 010710s19uu xx 00 eng d
020 _a0-15-295296-9
050 _aER
_bW55 1984
100 _aMost, Bernard
245 _aWhatever happened to the dinosaurs? /
_cby Bernard Most.
260 _aNew York :
_bHarcourt Brace,
_c1984.
300 _ap. : ill. ; cm.
520 _aA humorous speculation on what really happened to make the dinosaur disappear.
650 _aDinosaurs
_xFiction.
650 _aHumorous stories.
999 _c111953
_d111953